| 000 | 00455cam a22001457a 4500 | ||
|---|---|---|---|
| 008 | 180718b1975 xxu||||| |||| 00| 0 eng d | ||
| 020 | _a0070167958 | ||
| 082 | _aW2000 D559 | ||
| 245 |
_aMetropolitan transportation planning _cby John W. Dickey...[et.el.] |
||
| 260 |
_aWashington _bScripta Book _c1975 |
||
| 300 | _axiii, 562p | ||
| 650 | _aUrban transportation -Mathematical models. | ||
| 650 | _aUrban transportation policy | ||
| 700 | _aDickey, John W. | ||
| 999 |
_c411465 _d411465 |
||